000 00899nam a2200313 a 4500
001 3522284
003 OSt
005 20140310181715.0
008 961031s1992 ph a b 001 0 eng
010 _a 95947096
020 _a9715690580
040 _aDLC
_cDLC
042 _alcode
043 _aa-ph---
050 0 0 _aQL 323
_b.T161 1992
082 0 0 _aFIL 591
_bT153 1992
100 1 _aTan, Jose Ma. Lorenzo.
245 1 0 _aPhilippine wildlife /
_cproduced by Jose Ma. Lorenzo P. Tan.
260 _aMakati, Metro Manila :
_bBookmark,
_cc1992.
300 _a71 p. :
_bchiefly col. ill. ;
_c18 x 26 cm.
521 _aBasic ed. students
541 _j1
541 _j2
562 _e2
650 0 _aZoology
_zPhilippines.
906 _a7
_bcbc
_corigode
_d3
_encip
_f19
_gy-gencatlg
942 _2lcc
_cBK-FIL
_kFIL
999 _c1736
_d1736